Szczegóły MARC21

Sport wyczynowy i rekreacyjny : problemy kardiologa i internisty /

003 -Nazwa inst., której nr kontr. jest w polu 001 [,]
    • @
    • Nazwa instytucji, której n kontrolny jest w polu 001
    • NUKAT
005 -DATA I CZAS OSTATNIEJ MODYFIKACJI [,]
    • @
    • pole kontrolne
    • 20241231102852.0
020 -Międzynarod. znormalizowany nr książki - ISBN [ , ]
    • a
    • Numer ISBN
    • 9788375632293 Find
040 -Instytucja sporządzająca opis [ , ]
    • a
    • Instytucja, która sporządziła opis (NP)
    • SZCZ 010/KW
    • c
    • Instytucja, która sporządziła rekord (NP)
    • SZCZ 010/KW
    • d
    • Instytucja, która zmodyfikowała rekord (P)
    • OLSZT 003/BKs
    • d
    • Instytucja, która zmodyfikowała rekord (P)
    • GD 27/LK
    • d
    • Instytucja, która zmodyfikowała rekord (P)
    • TARN 010/MM
942 -Rodzaj dokumentu [ , ]
    • c
    • Rodzaj dokumentu
    • Książka
245 -Strefa tytułu i oznaczenia odpowiedzialności [0,0]
    • a
    • Tytuł
    • Sport wyczynowy i rekreacyjny : Find
    • b
    • Ciąg dalszy tytułu (NP)
    • problemy kardiologa i internisty / Find
    • c
    • Pozostałe elementy strefy tytułu i oznaczenia odpowiedzialności (NP)
    • pod redakcją Mirosława Dłużniewskiego, Zbigniewa Kalarusa, Witolda Pikto-Pietkiewicza, Ryszarda Piotrowicza, Beaty Średniawy ; [Kamila Adach i 84 pozostałych].
250 -Strefa wydania [ , ]
    • a
    • Oznaczenie wydania (NP)
    • Wyd. 2 rozsz. i uaktualnione.
260 -Strefa adresu wydawniczego [ , ]
    • a
    • Miejsce wydania (P)
    • Lublin :
    • b
    • Nazwa wydawcy (P)
    • Wydawnictwo Czelej,
    • c
    • Data wydania (P)
    • 2017.
300 -Strefa opisu fizycznego [ , ]
    • a
    • Określenie formy książki i/lub objętość (NP)
    • XX, 460 s. :
    • b
    • Oznaczenie ilustracji (NP)
    • il. kolor. ;
    • c
    • Format (NP)
    • 30 cm.
336 -Typ zawartości [ , ]
    • a
    • Termin opisujący typ zawartości
    • Tekst
    • b
    • Kod określający zawartość
    • txt
    • 2
    • Źródło (terminu i kodu)
    • rdacontent
337 -Typ mediów [ , ]
    • a
    • Tryb odtwarzania
    • Bez urządzenia pośredniczącego
    • b
    • Kod typu mediów
    • n
    • 2
    • Źródło (terminu i kodu)
    • rdamedia
338 -Typ/rodzaj nośnika [ , ]
    • a
    • Hasło opisujące typ nośnika
    • Wolumin
    • b
    • Kod typu nośnika
    • nc
    • 2
    • Źródło (terminu i kodu)
    • rdacarrier
504 -Uwaga dot. bibliogr. załącznikowej [ , ]
    • a
    • Uwaga dot. bibliografii załącznikowej
    • Bibliogr. przy rozdz.
650 -Hasło przedmiotowe [ ,7]
    • a
    • Hasło przedmiotowe
    • Sport
    • x
    • Określnik rzeczowy
    • aspekt zdrowotny.
    • 2
    • Źródło terminu
    • kaba
    • 9
    • KHW
    • 352509
650 -Hasło przedmiotowe [ ,7]
    • a
    • Hasło przedmiotowe
    • Sportowcy wyczynowi.
    • 2
    • Źródło terminu
    • kaba
    • 9
    • KHW
    • 145912
700 -Hasło dodatkowe - nazwa osobowa [1, ]
    • a
    • Nazwa osobowa (NP)
    • Średniawa, Beata. Find
    • e
    • Określenie rodzaju współpracy
    • Red.
    • 9
    • KHW
    • 421765
700 -Hasło dodatkowe - nazwa osobowa [1, ]
    • a
    • Nazwa osobowa (NP)
    • Dłużniewski, Mirosław. Find
    • e
    • Określenie rodzaju współpracy
    • Red.
    • 9
    • KHW
    • 421762
700 -Hasło dodatkowe - nazwa osobowa [1, ]
    • a
    • Nazwa osobowa (NP)
    • Kalarus, Zbigniew. Find
    • e
    • Określenie rodzaju współpracy
    • Red.
    • 9
    • KHW
    • 421764
700 -Hasło dodatkowe - nazwa osobowa [1, ]
    • a
    • Nazwa osobowa (NP)
    • Pikto-Pietkiewicz, Witold. Find
    • e
    • Określenie rodzaju współpracy
    • Red.
    • 9
    • KHW
    • 421766
700 -Hasło dodatkowe - nazwa osobowa [1, ]
    • a
    • Nazwa osobowa (NP)
    • Piotrowicz, Ryszard. Find
    • e
    • Określenie rodzaju współpracy
    • Red.
    • 9
    • KHW
    • 421763
700 -Hasło dodatkowe - nazwa osobowa [1, ]
    • a
    • Nazwa osobowa (NP)
    • Adach, Kamila. Find
    • e
    • Określenie rodzaju współpracy
    • Autor
    • 9
    • KHW
    • 421767
710 -Hasło dodatkowe - nazwa ciała zbiorowego [2, ]
    • a
    • Nazwa ciała zbiorowego lub nazwa geograficzna jako pierwszy element (NP)
    • Wydawnictwo Czelej.
    • 4
    • Kod relacji
    • pbl
    • 9
    • KHW
    • 88860
920 -ISBN [ , ]
    • a
    • ISBN
    • 978-83-7563-229-3 Find
Numer inwentarzowy Sygnatura Status udost. Lokalizacja Data inwentaryzacji
WF.10059Teoria i metodyka sportu 361BM2017-07-17